• 首页
  • 本馆介绍
  • 公告通知
  • 最新文献
  • 馆藏检索
  • 电子资源
  • 读者导购
  • 参考咨询
  • 我的图书馆
  • 登录
  • 详细信息显示
  • 放入我的书架
  • 预约/预借图书
  • 作者相关作品
  • 分类相关作品
  • 丛书相关作品
  • 出版社相关作品

书目信息

  • 表格格式
  • 工作单格式
  • 卡片格式
题名:
家庭小偏方
    
 
作者: 胡春福 主编
分册:   中老年常见病一扫光
出版信息: 北京   中国纺织出版社  2017
页数: 192页
开本: 24cm
丛书名:
单 册:
中图分类: R289.5 , R289.2
科图分类:
主题词: 老年病--常见病--土方--汇编 , 中年人--常见病--土方--汇编
电子资源:
ISBN: 978-7-5180-3409-3
000 01075nam0 2200265 450
001 59
005 20180920165858.58
010    @a978-7-5180-3409-3@dCNY32.80
100    @a20170802d2017 em y0chiy50 ea
101 0  @achi
102    @aCN@b110000
105    @ay z 000yy
200 1  @a家庭小偏方@9jia ting xiao pian fang@i中老年常见病一扫光@f胡春福主编
210    @a北京@c中国纺织出版社@d2017
215    @a192页@d24cm
314    @a胡春福,男,主任医师,北京济民中医医院名誉院长。现任世界中医学联合会理事、中华名医学会理事。主编《全国中西医药科学研究·综合卷》及《中华医药科技理论与临床》等著作。
330    @a本书针对中老年人常见的不适病症给予详细解析,为中老年读者朋友提供众多高效实用的小偏方以改善中老年人的常见不适。书中所取偏方均删繁就简、贴近生活。
517 1  @a中老年常见病一扫光@9zhong lao nian chang jian bing yi sao guang
606 0  @a老年病@x常见病@x土方@j汇编
606 0  @a中年人@x常见病@x土方@j汇编
690    @aR289.5@v5
690    @aR289.2@v4
701  0 @a胡春福@9hu chun fu@4主编
801  0 @aCN@b91MARC@c20170802
905    @aMuseLib@dR289.2@e423
    
    家庭小偏方.中老年常见病一扫光/胡春福主编.-北京:中国纺织出版社,2017
    192页;24cm
    
    
    ISBN 978-7-5180-3409-3:CNY32.80
    本书针对中老年人常见的不适病症给予详细解析,为中老年读者朋友提供众多高效实用的小偏方以改善中老年人的常见不适。书中所取偏方均删繁就简、贴近生活。
●
相关链接 在E读中查询图书 在五车中查询图书 在当当中查询图书 在豆瓣中查询图书


正题名:家庭小偏方     索取号:R289.2/423         预约/预借

序号 登录号 条形码 馆藏地/架位号 状态 备注
1 1118034   211180345   第二样本阅览室/ [索取号:R289.2/423] 在馆    
2 1118035   211180354   第三借阅区/ [索取号:R289.2/423] 在馆    
3 1118036   211180363   第三借阅区/ [索取号:R289.2/423] 在馆    
4 1118037   211180372   第三借阅区/ [索取号:R289.2/423] 在馆    
5 1118038   211180381   第三借阅区/ [索取号:R289.2/423] 在馆    
唐山师范学院图书馆 欢迎您!
大连网信软件有限公司© 版权所有